| 000 | 00688nmm a2200277 a 4500 | ||
|---|---|---|---|
| 003 | AR-BaBNM | ||
| 005 | 20251128202904.0 | ||
| 008 | 157119s1983 ||||||||||||||000 | spa|| | ||
| 020 | _a950-625-004-9 | ||
| 040 | _cAR-BaBNM | ||
| 245 | 1 | 0 | _a12 mujeres cuentan... |
| 246 | 1 | _aDoce mujeres cuentan... | |
| 260 |
_aBuenos Aires _bEdiciones La Campana _c1983 |
||
| 300 | 0 | _a206 p. | |
| 650 | 4 | _aLITERATURA ARGENTINA | |
| 650 | 4 | _aCUENTOS | |
| 650 | 4 | _aLITERATURA CONTEMPORANEA | |
| 650 | 4 | _aANTOLOGIAS | |
| 650 | 4 | _aMUJERES | |
| 650 | 4 | _aESCRITORES | |
| 653 | _aNARRATIVA | ||
| 655 | _aLITERATURA | ||
| 700 | 1 |
_aGregorich, Luis _ecompilador |
|
| 942 | _cBK | ||
| 998 | _cMARTIN | ||
| 999 |
_c1055 _d1055 |
||